| 000 | 02551nab a2200253 i 4500 | ||
|---|---|---|---|
| 003 | BR-BrBNA | ||
| 005 | 20250402093333.0 | ||
| 008 | 250402b2016 bl.qr|pooa||| 00| 0 por | | ||
| 040 |
_aBR-BrBNA _bpor |
||
| 072 | _aF70 | ||
| 100 | _aMachate, David Johane Machate | ||
| 100 | _aAlves, Flávio Macedo | ||
| 100 | _aFarinaccio, Maria Ana | ||
| 245 | _aAspidosperma (Apocynaceae) no estado de Mato Grosso do Sul, Brasil | ||
| 500 | _aPublicação on-line; 27 ref.; 2 illus.; Summaries (En, Pt) | ||
| 520 | _a Resumo Aspidosperma compreende 55 espécies, das quais 41 ocorrem no Brasil. A maior riqueza está na região CentroOeste com 28 espécies. O presente trabalho teve como objetivo contribuir para o conhecimento da diversidade de Aspidosperma no Mato Grosso do Sul. Baseou-se na análise de amostras coletadas em 22 expedições de campo, visitas e consultas online aos herbários. No estado, o gênero está representado por 14 espécies. Aspidosperma quirandy e A. verbascifolium foram coletadas e descritas pela primeira vez no Mato Grosso do Sul. No presente estudo são apresentadas: chave de identificação para as espécies, descrição, distribuição geral e ecologia, dados de floração/frutificação, status de conservação e comentários taxonômicos. Palavras-chave: biodiversidade, flora, sistemática. Abstract Aspidosperma comprises 55 species, 41 of them occurring in Brazil, with the greatest richness in the Midwest region, with 28 species. This study aimed to contribute with knowledge upon species diversity of Aspidosperma in Mato Grosso do Sul. The study was based on the analysis of samples collected in 22 field expeditions, herbaria visits and online consultations. In the state, the genus is represented by 14 species. Aspidosperma quirandy and A. verbascifolium were collected and described for the first time in Mato Grosso do Sul. We present identification key of the species, description, general distribution and ecology, flowering/fructification, conservation status, and taxonomic comments. Key words: biodiversity, flora, systematics. | ||
| 650 | _aBIODIVERSIDADE | ||
| 650 | _aFLORA | ||
| 650 | _aASPIDOSPERMA POLYNEURON | ||
| 773 | 0 |
_0709 _9349653 _dRio de Janeiro-RJ Jardim Botanico do Rio de Janeiro 1935 _o2025-2173 _tRodriguésia (Brazil) _x0370-6583; 2175-7860 on-line _gv. 67(4) p. 1011-1024; (2016) _wBR2025000232 |
|
| 856 | _uhttps://www.scielo.br/j/rod/a/NBgLWMryn6sNG9JygKmJXPr/?format=pdf&lang=pt | ||
| 942 | _cANA | ||
| 999 |
_c330801 _d330801 |
||